00798nam a22002057a 450000500170000001000150001702000260003203500130005803700130007108200140008424501160009826000320021427000780024630000240032450000500034870000230039894200280042199900170044995201260046620150810111103.0 aENG-113589 a9780415634052c795.00 aEN-97121 bDBAD/PUB a304.80954 aIndia migration report 2012 :cedited by S. Irudaya Rajanbglobal financial crisis, migration and remittances / aNew DelhibRoutledge c2012 a912 Tolstoy House, 15-17 Tolstoy Marg, Connaught PlacebNew Delhie110001 axxv,361p.c23cm(Hb) aIncludes bibliographical references and index aIrudaya Rajan, S.  2ddccENmINDh304.80954 c95163d95163 001040718NFICaDBADbDBADd2015-07-22eDBAD/PUBg795.00l0o304.80954 NDpEN-97121r2015-07-22 00:00:00t1v795.00yEN